Statistics for Pokémon Weather

Click here to take the quiz!

General Stats

  • This quiz has been taken 10 times
  • The average score is 6 of 9

Answer Stats

Weather% Correct
Rain
100%
Snow
88%
Sandstorm
63%
Thunderstorm
63%
Blizzard
50%
Clear
50%
Cloudy
50%
Fog
50%
Harsh sunlight
38%

Score Distribution

Percentile by Number Answered

Percent of People with Each Score

Your Score History

You have not taken this quiz